| 000 | 00563nam a2200169 i 4500 | ||
|---|---|---|---|
| 001 | 33514 | ||
| 003 | ES-MaACL | ||
| 005 | 20230906154754.0 | ||
| 007 | t| | ||
| 008 | 030202s1951 ag ||||1| spa d | ||
| 100 | 1 |
_aBiot, René. _928951 |
|
| 245 | 1 | 0 |
_aOfensivas biológicas contra la persona / _cRené Biot ; versión castellana de Joaquín Ferrandis. |
| 260 |
_aBuenos Aires : _bDesclée de Brouwer, _c[1951] ( _fSebastián de Amorrortu e Hijos) |
||
| 300 |
_a168 p. ; _c20 cm. |
||
| 700 | 1 |
_aFerrandis, Joaquín. _950263 |
|
| 852 |
_aES-MaACL _jD-9065 _bR.31396 |
||
| 999 |
_c33514 _d33514 |
||